| 000 | 00645cam a22002293a 4500 | ||
|---|---|---|---|
| 001 | 19501 | ||
| 003 | PGUSA | ||
| 005 | 20140828083419.0 | ||
| 008 | 061008s2006||||xxu|||||s|||||000 1 eng d | ||
| 040 |
_aPGUSA _beng |
||
| 042 | _adc | ||
| 050 | 4 | _aPZ | |
| 100 | 1 |
_aDavis, Richard Harding, _d1864-1916 |
|
| 245 | 1 | 4 |
_aThe Boy Scout _h[electronic resource] / _cRichard Harding Davis |
| 260 |
_bProject Gutenberg, _c2006 |
||
| 506 | _aPublic domain in the USA. | ||
| 516 | _aElectronic text | ||
| 653 | _aBoy Scouts -- Juvenile fiction | ||
| 830 | 0 |
_aProject Gutenberg _v19501 |
|
| 856 | 4 | 0 | _uhttp://www.gutenberg.org/ebooks/19501 |
| 942 | _cEB | ||
| 999 |
_c248756 _d248756 |
||